Statistiques concernant Joueurs ayant marqué plus de 15 buts en équipe de France

Cliquez ici pour prendre le quiz!

Statistiques générales

  • Ce quiz a été pris 1 582 fois
  • Le résultat moyen est 10 sur 21

Statistiques - réponses

ButsJoueurs% Correct
51Thierry Henry
95%
31Zinédine Zidane
93%
19Karim Benzema
89%
41Michel Platini
89%
34David Trezeguet
81%
30Just Fontaine
70%
16Franck Ribéry
67%
30Jean-Pierre Papin
66%
28Youri Djorkaeff
59%
20Eric Cantona
54%
26Sylvain Wiltord
53%
18Raymond Kopa
51%
16Laurent Blanc
43%
15Dominique Rocheteau
29%
22Jean Vincent
10%
18Roger Piantoni
10%
21Jean Nicolas
8%
20Paul Nicolas
8%
15Hervé Revelli
5%
15Eugène Maës
3%
19Jean Baratte
3%

Distribution des résultats

Percentile par nombre de réponses

% des personnes avec chaque résultat

Votre développement - résultats

Vous n’avez pas pris ce quiz